| 000 | 00628nam a2200193 a 4500 | ||
|---|---|---|---|
| 001 | 49546 | ||
| 003 | BD-RjUL | ||
| 005 | 20211209054707.0 | ||
| 008 | 160821s1967 xxu||||| |||| 00| 0 eng d | ||
| 035 | _a(BD-RjUL) 49665 | ||
| 040 |
_aBD-RjUL _beng _dBD-RjUL _cBD-RjUL |
||
| 041 | _aeng | ||
| 082 |
_223 _a352.0942 _bMAN 1968 |
||
| 245 |
_aManagement of local government : _bthe Maud Committee report _cJohn Primatt Redcliffe Maud Redcliffe-Maud, Baron |
||
| 260 |
_aLondon : _bRoyal Institute of Public Administration, _c1968 |
||
| 300 |
_a69 p. ; _c19 cm. |
||
| 650 |
_aLocal government _zGreat Britain. _9142173 |
||
| 942 |
_2ddc _cBK |
||
| 999 |
_c49546 _d49546 |
||